header

Stella the star fairy / (Record no. 264131)

MARC details
000 -LEADER
fixed length control field 00490nam a22001817a 4500
003 - CONTROL NUMBER IDENTIFIER
control field OSt
005 - DATE AND TIME OF LATEST TRANSACTION
control field 20240726110741.0
008 - FIXED-LENGTH DATA ELEMENTS--GENERAL INFORMATION
fixed length control field 240726b xxu||||| |||| 00| 0 eng d
010 ## - LIBRARY OF CONGRESS CONTROL NUMBER
LC control number 2010526273
020 ## - INTERNATIONAL STANDARD BOOK NUMBER
International Standard Book Number 9780545067768 (pbk.)
International Standard Book Number 0545067766 (pbk.)
040 ## - CATALOGING SOURCE
Transcribing agency DLC
100 ## - MAIN ENTRY--PERSONAL NAME
Personal name Meadows, Daisy.
245 ## - TITLE STATEMENT
Title Stella the star fairy /
Statement of responsibility, etc by Daisy Meadows.
260 ## - PUBLICATION, DISTRIBUTION, ETC. (IMPRINT)
Place of publication, distribution, etc New York :
Name of publisher, distributor, etc Scholastic,
Date of publication, distribution, etc c2005.
300 ## - PHYSICAL DESCRIPTION
Extent 173 p. :
Other physical details ill. ;
Dimensions 20 cm.
942 ## - ADDED ENTRY ELEMENTS (KOHA)
Source of classification or shelving scheme Library of Congress Classification
Koha item type Long Loan Books
Holdings
Withdrawn status Lost status Source of classification or shelving scheme Damaged status Not for loan Collection code Home library Current library Shelving location Date acquired Total Checkouts Barcode Date last seen Price effective from Koha item type
    Library of Congress Classification     Fiction Rongo University Library Rongo University Library Children's Area 26/07/2024   CL20243549 26/07/2024 26/07/2024 Long Loan Books

© 2026 Rongo University
Contact us: librarian | system librarian | Rongo university